Charles (Do Bronxs) Oliveira UFC Record - Statistics

General Stats
  • This quiz has been taken 238 times
    145 since last reset
  • The average score is 12 of 34
Answer Stats
Opponent Result Method Event % Correct
Michael Chandler Win TKO UFC 262
92%
Islam Makhachev Loss Submission UFC 280
91%
Michael Chandler Win Decision UFC 309
91%
Justin Gaethje Win Submission UFC 274
87%
Max Holloway Loss TKO (Injury) UFC Fight Night 74
87%
Arman Tsarukyan Loss Decision UFC 300
86%
Dustin Poirier Win Submission UFC 269
86%
Tony Ferguson Win Decision UFC 256
73%
Beneil Dariush Win TKO UFC 289
63%
Jim Miller Win Submission UFC on Fox 31
48%
Jim Miller Loss Submission UFC 124
48%
Kevin Lee Win Submission UFC Fight Night 170
36%
Anthony Pettis Loss Submission UFC on Fox 21
31%
Donald Cerrone Loss TKO UFC Live 5
26%
Paul Felder Loss TKO UFC 218
25%
Clay Guida Win Submission UFC 225
23%
Frankie Edgar Loss Decision UFC 162
21%
Nik Lentz Win TKO UFC Fight Night 152
17%
Nik Lentz Win Submission UFC Fight Night 67
17%
Nik Lentz No Contest Illegal Knee UFC Live 4
17%
Cub Swanson Loss Knockout UFC 152
16%
Jared Gordon Win Knockout UFC Fight Night 164
14%
Jeremy Stephens Win Submission UFC TUF 20
12%
Darren Elkins Win Submission UFC Live 2
10%
Ricardo Lamas Loss Submission UFC Fight Night 98
10%
David Teymur Win Submission UFC Fight Night 144
8%
Efrain Escudero Win Submission UFC Fight Night 22
8%
Will Brooks Win Submission UFC 210
7%
Christos Giagos Win Submission UFC Fight Night 137
6%
Andy Ogle Win Submission UFC Fight Night 36
6%
Eric Wisely Win Submission UFC on Fox 2
6%
Hatsu Hioki Win Submission UFC Fight Night 43
6%
Jonathan Brookins Win Submission UFC TUF 15
6%
Myles Jury Win Submission UFC on Fox 17
5%
No matching quizzes found
Score Distribution
Percent of People with Each Score
Percentile by Number Answered
Your Score History
You have not taken this quiz since the last reset